000 00354nam a22001337a 4500
008 160505b xxu||||| |||| 00| 0 eng d
020 _a0721628354
020 _a0721628362
020 _a0721656021
041 _aeng
080 _a61
245 _aOrthopaedic sports medicine princip and practice:
_cJesse C.DeLee M.D.; David Drez M.D.;
942 _2udc
_cBK
999 _c1837
_d1837